00882nam a22002537a 45000010005000000030006000050050017000110080041000280200015000690400029000840500014001130820013001271000027001402450101001672500045002682600040003133000061003535050008004145200102004225210029005245210020005536500023005737000032005964494FISKH20250801144708.0240912b cb ||||| |||| 00| 0 eng d a0590447394 aFISKHbengcFISKHdFISKH aPN6231.A5 a818.5402 aBarrett, Judieauthor  aAnimals should definitely not wear clothing / cWritten by Judi Barrett and drawn by Ron Barrett aFirst Scholastic printing, February 1991 aNew York : bScholastic ; c1970 .  a31 unnumbered pages : bcolor illustrations ; c22 cm .  aG  aPictures of animals wearing clothes show why this would be a ridiculous custom for them to adopt.8 a350 bLexile estimate 8 aG bRaz-Plus  aanimals vfiction  aBarrett, Ron eillustrator